Science du publiciste, ou traité des principes élémentaires du droit: considéré dans ses principales divisions
Shranjeno v:
| Glavni avtor: | |
|---|---|
| Format: | Knjiga |
| Jezik: | francoščina |
| Izdano: |
París
Chez Bossange
1820
|
| Teme: | |
| Oznake: |
Označite
Brez oznak, prvi označite!
|
MARC
| LEADER | 00000nam a2200000 a 4500 | ||
|---|---|---|---|
| 001 | UCR5175 | ||
| 003 | CL-VaPUC | ||
| 008 | 980320e18200000FR |||||||||||||||||fre|d | ||
| 082 | 0 | 4 | |a 340.1 |b FRI |2 21 |
| 100 | 0 | |a Fritot, M |e author |9 405982 | |
| 245 | 1 | 0 | |a Science du publiciste, ou traité des principes élémentaires du droit: considéré dans ses principales divisions |
| 300 | |a t | ||
| 942 | |c BK | ||
| 945 | |d 19980320 00:00:00 |a cmena | ||
| 260 | |a París |b Chez Bossange |c 1820 | ||
| 500 | |a Donación del padre Enrique Pascal García Huidobro | ||
| 650 | 0 | |a Filosofía del derecho |9 255050 | |
| 650 | 0 | |a Teoría del derecho |9 255982 | |
| 650 | 0 | |a Escuelas filosóficas |9 266232 | |
| 650 | 0 | |a Derecho público |9 255910 | |
| 650 | 0 | |a Derecho internacional |9 255637 | |
| 650 | 0 | |a Derecho y política |9 257017 | |
| 583 | |a last modification |c 19980320 00:00:00 |k Rodrigo Vera | ||
| 999 | |c 267899 |d 267897 | ||
| 952 | |0 0 |1 0 |4 0 |6 340_100000000000000_FRI_1820 |7 0 |8 X |9 300704 |a BIBDER |b BIBDER |d 2019-11-20 |h t.1 |i 1965115 |o 340.1 FRI 1820 |p 1965115 |r 2023-01-25 |w 2019-11-20 |y BK_X |k DER | ||
| 952 | |0 0 |1 0 |4 0 |6 340_100000000000000_FRI_1820 |7 0 |8 X |9 300705 |a BIBDER |b BIBDER |d 2019-11-20 |h t.2 |i 1965123 |o 340.1 FRI 1820 |p 1965123 |r 2023-01-25 |w 2019-11-20 |y BK_X |k DER | ||
| 952 | |0 0 |1 0 |4 0 |6 340_100000000000000_FRI_1820 |7 0 |8 X |9 300706 |a BIBDER |b BIBDER |d 2019-11-20 |h t.3 |i 1965131 |o 340.1 FRI 1820 |p 1965131 |r 2023-01-25 |w 2019-11-20 |y BK_X |k DER | ||
| 952 | |0 0 |1 0 |4 0 |6 340_100000000000000_FRI_1820 |7 0 |8 X |9 300707 |a BIBDER |b BIBDER |d 2019-11-20 |h t.4 |i 196514K |o 340.1 FRI 1820 |p 196514K |r 2023-01-25 |w 2019-11-20 |y BK_X |k DER | ||
| 952 | |0 0 |1 0 |4 0 |6 340_100000000000000_FRI_1820 |7 0 |8 X |9 300708 |a BIBDER |b BIBDER |d 2019-11-20 |h t.5 |i 1965158 |o 340.1 FRI 1820 |p 1965158 |r 2023-01-25 |w 2019-11-20 |y BK_X |k DER | ||
| 952 | |0 0 |1 0 |4 0 |6 340_100000000000000_FRI_1820 |7 0 |8 X |9 300709 |a BIBDER |b BIBDER |d 2019-11-20 |h t.6 |i 1965166 |o 340.1 FRI 1820 |p 1965166 |r 2023-01-25 |w 2019-11-20 |y BK_X |k DER | ||
| 952 | |0 0 |1 0 |4 0 |6 340_100000000000000_FRI_1820 |7 0 |8 X |9 300710 |a BIBDER |b BIBDER |d 2019-11-20 |h t.7 |i 1965174 |o 340.1 FRI 1820 |p 1965174 |r 2023-01-25 |w 2019-11-20 |y BK_X |k DER | ||
| 952 | |0 0 |1 0 |4 0 |6 340_100000000000000_FRI_1820 |7 0 |8 X |9 300711 |a BIBDER |b BIBDER |d 2019-11-20 |h t.8 |i 1965182 |o 340.1 FRI 1820 |p 1965182 |r 2023-01-25 |w 2019-11-20 |y BK_X |k DER | ||
| 952 | |0 0 |1 0 |4 0 |6 340_100000000000000_FRI_1820 |7 0 |8 X |9 300712 |a BIBDER |b BIBDER |d 2019-11-20 |h t.9 |i 1965190 |o 340.1 FRI 1820 |p 1965190 |r 2023-01-25 |w 2019-11-20 |y BK_X |k DER | ||
| 952 | |0 0 |1 0 |4 0 |6 340_100000000000000_FRI_1820 |7 0 |8 X |9 300713 |a BIBDER |b BIBDER |d 2019-11-20 |h t.10 |i 1965204 |o 340.1 FRI 1820 |p 1965204 |r 2023-01-25 |w 2019-11-20 |y BK_X |k DER | ||